Nonlinear regression
Պահպանված է:
| Հիմնական հեղինակներ: | , |
|---|---|
| Ձևաչափ: | Գիրք |
| Լեզու: | անգլերեն |
| Հրապարակվել է: |
Nueva York
Wiley
1989
|
| Շարք: | Wiley Series in Probability and Mathematical Statistics
|
| Խորագրեր: | |
| Ցուցիչներ: |
Ավելացրեք ցուցիչ
Չկան պիտակներ, Եղեք առաջինը, ով նշում է այս գրառումը!
|
MARC
| LEADER | 00000nam a2200000 a 4500 | ||
|---|---|---|---|
| 001 | UCW1406 | ||
| 003 | CL-VaPUC | ||
| 005 | 20240723102948.0 | ||
| 008 | 920617e19890000US |||||||||||||||||eng|d | ||
| 999 | |c 216296 |d 216294 | ||
| 040 | |c Pontificia Universidad Católica de Valparaíso | ||
| 082 | 0 | 4 | |a 519.536 |b SEB |2 21 |
| 100 | 0 | |a Seber, George Arthur Frederick |e author |9 305343 | |
| 245 | 1 | 0 | |a Nonlinear regression |
| 260 | |a Nueva York |b Wiley |c 1989 | ||
| 300 | |a 768 p | ||
| 490 | 0 | |a Wiley Series in Probability and Mathematical Statistics | |
| 583 | |a last modification |c 19920617 00:00:00 |k Rodrigo Vera | ||
| 650 | 0 | |a Análisis de regresión |9 263763 | |
| 650 | 0 | |a Modelos lineales (Estadística) |9 270088 | |
| 650 | 0 | |a Análisis de errores |9 321087 | |
| 700 | 0 | |a Wild, Christopher John |e author |9 305344 | |
| 942 | |c BK |2 ddc | ||
| 945 | |d 19920617 00:00:00 | ||
| 952 | |0 0 |1 0 |4 0 |6 519_536000000000000_SEB_1989 |7 0 |8 A |9 201896 |a BIBGIM |b BIBGIM |d 2019-11-14 |i 2691094 |l 1 |o 519.536 SEB 1989 |p 2691094 |r 2025-01-15 |s 2024-04-04 |w 2019-11-14 |y BK |k EST | ||